000 04788cam a2200373 4500500
005 20251228045659.0
041 _afre
042 _adc
100 1 0 _aCot, Sophie
_eauthor
700 1 0 _aDurand, Delphine
_eauthor
700 1 0 _aDaniel, Sandrine
_eauthor
700 1 0 _aParis, Stéphanie
_eauthor
700 1 0 _aMillot, Isabelle
_eauthor
700 1 0 _aBinquet, Christine
_eauthor
245 0 0 _aPrévention au premier trimestre de la grossesse : perspective des professionnels
260 _c2022.
500 _a96
520 _aIntroduction : L’environnement et les conditions de vie des parents durant la période des « 1 000 premiers jours » influencent les trajectoires de santé des enfants à court et long terme. Les professionnels de santé réalisant le suivi de grossesse ont une place importante pour conseiller les futurs parents dans l’adoption de comportements favorables à la santé. Il apparaissait nécessaire de décrire les messages de prévention transmis précocement par les professionnels de santé pendant la grossesse. But de l’étude : Identifier les messages de prévention délivrés systématiquement au premier trimestre de grossesse et déterminer la priorisation accordée par les professionnels (sages-femmes, obstétriciens, généralistes) de Bourgogne-Franche-Comté. Résultats : Les messages de prévention sur le risque infectieux étaient abordés par 96,5 % des répondants, et ceux sur les conduites à risque et addictions par 93,7 %. L’équilibre alimentaire et activités sportives (78,5 %), et les risques de la vie quotidienne (47,1 %) étaient moins évoqués. Les messages que les professionnels de santé déclaraient transmettre aux femmes enceintes de manière systématique sont globalement ceux qu’ils jugeaient prioritaires. Cette priorité variait en fonction de la profession. Concernant les supports d’information, la majorité des répondants n’en utilisaient aucun. Ils s’accordaient sur l’importance d’un support d’information papier, et près de deux tiers souhaitaient pouvoir s’appuyer sur un support numérique (62,6 %). Conclusion : La co-construction d’un support d’information répondant à la fois aux besoins des femmes enceintes et à ceux des professionnels de santé, et validé par les instances de santé, participerait à une meilleure promotion des comportements favorables à la santé par les femmes enceintes, en favorisant l’empowerment dès de début de la grossesse.
520 _aIntroduction: The environment and living conditions of parents during the “first 1000 days” period influence the short- and long-term health trajectories of children. Professionals following pregnancies play an important role in advising future parents to adopt health-promoting behaviors. It appeared necessary to describe the prevention messages transmitted by professionals early in pregnancy. Objectives: To identify the prevention messages systematically delivered during the first trimester of pregnancy and determine the degree of priority that professionals (midwives, obstetricians, general practitioners) of Bourgogne-Franche-Comté give to them. Results: Prevention messages on infectious risk were addressed by 96.5% of respondents, and those on risk behaviors and addictions by 93.7%. Dietary balance and sports activities (78.5%), as well as risks in the daily life (47.1%) were less delivered. The messages that professionals declared to be delivered systematically to pregnant women during the first trimester were generally those that they considered to be priorities. There were some differences depending on the professional. Regarding information media, the majority of respondents did not use any. They agreed on the importance of a paper-based information medium and wished to be able to rely on a digital medium (62.6%). Conclusion: The co-construction of support that meets the needs of both women and professionals and that is validated by health authorities would contribute to better consideration and promotion of health-promoting behaviors by parents, by promoting empowerment of women and couples from the beginning of pregnancy.
690 _agrossesse
690 _agynécologue-obstétricien
690 _amédecin généraliste
690 _amessage de prévention
690 _apriorité des professionnels
690 _asage-femme
690 _ageneral practitioners
690 _ahealthcare professional priorities
690 _amidwife
690 _aobstetricians
690 _apregnancy
690 _aprevention message
786 0 _nSanté Publique | 34 | 1 | 2022-07-05 | p. 71-85 | 0995-3914
856 4 1 _uhttps://stm.cairn.info/revue-sante-publique-2022-1-page-71?lang=fr&redirect-ssocas=7080
999 _c1579133
_d1579133